¿Que hay de nuevo en evaluación educativa? (Registro nro. 3761)
[ vista simple ]
| 000 -LEADER | |
|---|---|
| fixed length control field | 01214 a2200229 4500 |
| 001 - CONTROL NUMBER | |
| control field | 43915 |
| 005 - DATE AND TIME OF LATEST TRANSACTION | |
| control field | 20260407155720.0 |
| 008 - FIXED-LENGTH DATA ELEMENTS--GENERAL INFORMATION | |
| fixed length control field | 260407a2012 arg spa d |
| 003 - CONTROL NUMBER IDENTIFIER | |
| control field | AR-UNSa-BCEJYS |
| 040 ## - CATALOGING SOURCE | |
| Original cataloging agency | AR-UNSa-BCEJYS |
| Language of cataloging | spa |
| Transcribing agency | AR-UNSa-BCEJYS |
| 080 ## - UNIVERSAL DECIMAL CLASSIFICATION NUMBER | |
| Universal Decimal Classification number | 371.27 |
| Common auxiliary subdivision | Exámenes. Calificaciones. Títulos. Diplomas. Evaluación |
| 020 ## - INTERNATIONAL STANDARD BOOK NUMBER | |
| International Standard Book Number | 978-987-538-339-5 |
| 041 ## - LANGUAGE CODE | |
| Language code of text/sound track or separate title | spa |
| 100 1# - MAIN ENTRY--PERSONAL NAME | |
| Personal name | Sverdlick, Ingrid |
| 245 10 - TITLE STATEMENT | |
| Title | ¿Que hay de nuevo en evaluación educativa? |
| Name of part/section of a work | Políticas y prácticas en la evaluación de docentes y alumnos ; propuestas y experiencias de autoevaluación |
| 264 #1 - PRODUCTION, PUBLICATION, DISTRIBUTION, MANUFACTURE, AND COPYRIGHT NOTICE | |
| Place of production, publication, distribution, manufacture | Buenos Aires : |
| Name of producer, publisher, distributor, manufacturer | Noveduc |
| Date of production, publication, distribution, manufacture, or copyright notice | 2012 |
| 300 ## - PHYSICAL DESCRIPTION | |
| Extent | 189 p. |
| Dimensions | 23 cm. |
| 505 ## - FORMATTED CONTENTS NOTE | |
| Formatted contents note | 1. La evaluación y la calidad educativa - 2. Evaluación del desempeño profesional docente - 3. La autoevaluación institucional. Democratizar la gestión escolar para mejorar la calidad - 4. Desarrollo de una experiencia de autoevaluación - 5. La evaluación del desempeño de los estudiantes - 6. La evaluación. Un instrumento, un proceso y una práctica política |
| 590 ## - LOCAL NOTE (RLIN) | |
| Local note | niveau_biblio:m niveau_hierar:0 |
| 856 41 - ELECTRONIC LOCATION AND ACCESS | |
| Uniform Resource Identifier | <a href="https://biblioeco.unsa.edu.ar/pmb/images/libros/L126858.jpg">https://biblioeco.unsa.edu.ar/pmb/images/libros/L126858.jpg</a> |
| Link text | Imagen de portada |
| Electronic format type | image/jpeg |
| 942 ## - ADDED ENTRY ELEMENTS (KOHA) | |
| Koha item type | |
| Withdrawn status | Lost status | Damaged status | Not for loan | Home library | Current library | Shelving location | Date acquired | Total checkouts | Full call number | Barcode | Date last seen | Price effective from | Koha item type |
|---|---|---|---|---|---|---|---|---|---|---|---|---|---|
| Biblioteca Prof. Eusebio Cleto del Rey | Biblioteca Prof. Eusebio Cleto del Rey | 07/04/2026 | P371.27 S968 | L126858 | 07/04/2026 | 07/04/2026 | Libro | ||||||
| Biblioteca Prof. Eusebio Cleto del Rey | Biblioteca Prof. Eusebio Cleto del Rey | 07/04/2026 | P371.27 S968 | L126859 | 07/04/2026 | 07/04/2026 | Libro |